[Event "17th Medicine Hat Open"]
[Site "Medicine Hat"]
[Date "2011.09.17"]
[Round "1.7"]
[White "Clapham, John"]
[Black "Dunn, Garth"]
[Result "0-1"]
[WhiteElo "629"]
[BlackElo "1738"]
[PlyCount "63"]
[EventDate "2011.09.17"]
[EventType "swiss"]
[EventRounds "5"]
[EventCountry "CAN"]

1. e4 c5 2. Nf3 d6 3. Be2 Nc6 4. c3 Nf6 5. d3 g6 6. Bg5 Bg7 7. Bxf6 Bxf6 8. Qd2
O-O 9. O-O a6 10. h3 b5 11. Na3 Bb7 12. Nc2 Qc7 13. Rab1 Rad8 14. Rfc1 d5 15.
exd5 Rxd5 16. Ne3 Rd6 17. b3 Rfd8 18. c4 Ne5 19. Nxe5 Bxe5 20. Bf3 Bxf3 21.
gxf3 Rxd3 22. Qe1 Qd7 23. Nd5 Bd6 24. Rc3 Rxc3 25. Qxc3 Qxh3 26. f4 Qf5 27. Re1
b4 28. Qb2 Qg4+ 29. Kh1 Qh4+ 30. Kg1 h5 31. Re4 Qg4+ 32. Kh2 0-1

[Event "17th Medicine Hat Open"]
[Site "Medicine Hat"]
[Date "2011.09.17"]
[Round "2.1"]
[White "Rekhson, Vladislav"]
[Black "Schibler, Jordan"]
[Result "1/2-1/2"]
[WhiteElo "2105"]
[BlackElo "1774"]
[PlyCount "179"]
[EventDate "2011.09.17"]
[EventType "swiss"]
[EventRounds "5"]
[EventCountry "CAN"]

1. e4 g6 2. d4 Bg7 3. Nc3 d6 4. Be3 Nd7 5. Qd2 Ngf6 6. Bh6 O-O 7. h4 e5 8. d5
Nc5 9. f3 Bxh6 10. Qxh6 Nh5 11. Nge2 a6 12. g4 Ng7 13. h5 g5 14. Ng3 f6 15. Nd1
b5 16. Ne3 Qe7 17. Ngf5 Bxf5 18. gxf5 Nb7 19. Ng4 Nd8 20. Rg1 Kh8 21. O-O-O Ne8
22. Nxf6 Qxf6 23. Qxg5 Qxg5+ 24. Rxg5 Rg8 25. Rxg8+ Kxg8 26. a4 bxa4 27. Rd3
Nb7 28. Bh3 Nf6 29. h6 Nc5 30. Rd1 Kf7 31. Kd2 Rg8 32. Ke3 Rg3 33. Bf1 Nfxe4
34. b4 axb3 35. cxb3 Nc3 36. Ra1 Nxd5+ 37. Kf2 Rg8 38. Bc4 Rb8 39. Bxd5+ Kf6
40. Rg1 Nxb3 41. Rg7 Nd4 42. Rxc7 Nxf5 43. Rxh7 Kg6 44. Ra7 Kxh6 45. Rxa6 Kg5
46. Be4 Rd8 47. Ra5 Kf4 48. Ra1 Rh8 49. Ra7 Rf8 50. Rd7 Rf6 51. Rh7 Kg5 52. Rd7
Rh6 53. Rd8 Nd4 54. Ke3 Nf5+ 55. Kf2 Rf6 56. Rg8+ Kh6 57. Rd8 Ne7 58. Ke3 Kg7
59. Ra8 Kf7 60. Ra7 Ke6 61. Ra6 Nd5+ 62. Kd2 Rf8 63. Ra7 Nf6 64. Ke3 Nxe4 65.
fxe4 Rb8 66. Ra5 Rb4 67. Rd5 Kd7 68. Ra5 Kc6 69. Ra6+ Kc5 70. Ra5+ Rb5 71. Ra4
Rb3+ 72. Ke2 Rb4 73. Ra5+ Kd4 74. Rd5+ Kxe4 75. Rxd6 Rb2+ 76. Kd1 Ke3 77. Ra6
Rd2+ 78. Ke1 e4 79. Rh6 Re2+ 80. Kf1 Ra2 81. Rh3+ Kd4 82. Ke1 Rg2 83. Ra3 Ke5
84. Rb3 Kf4 85. Ra3 Rg1+ 86. Ke2 Rb1 87. Rc3 Rb2+ 88. Ke1 e3 89. Rc8 Kf3 90.
Rf8+ 1/2-1/2

[Event "17th Medicine Hat Open"]
[Site "Medicine Hat"]
[Date "2011.09.17"]
[Round "2.2"]
[White "Bentley, Bill"]
[Black "Perron, Sean"]
[Result "0-1"]
[WhiteElo "1813"]
[BlackElo "2078"]
[PlyCount "48"]
[EventDate "2011.09.17"]
[EventType "swiss"]
[EventRounds "5"]
[EventCountry "CAN"]

1. d4 e6 2. Nf3 b6 3. e3 Bb7 4. Bd3 f5 5. b3 Nf6 6. Bb2 Be7 7. O-O O-O 8. c4
Qe8 9. Nc3 d6 10. Qe2 Ne4 11. Nd2 Nxc3 12. Bxc3 Nd7 13. e4 f4 14. e5 dxe5 15.
dxe5 Nc5 16. Bc2 f3 17. Nxf3 Rxf3 18. gxf3 Qh5 19. Bd1 Qh3 20. b4 Na4 21. Qe3
Nxc3 22. Qxc3 Rf8 23. Re1 Rf5 24. Kh1 Rh5 0-1

[Event "17th Medicine Hat Open"]
[Site "Medicine Hat"]
[Date "2011.09.17"]
[Round "2.3"]
[White "Taylor, Bill"]
[Black "Panteluk, Steven"]
[Result "0-1"]
[WhiteElo "1892"]
[BlackElo "1721"]
[PlyCount "78"]
[EventDate "2011.09.17"]
[EventType "swiss"]
[EventRounds "5"]
[EventCountry "CAN"]

1. f4 Nf6 2. b3 e6 3. Bb2 g6 4. Nf3 Bg7 5. e4 d6 6. d3 c5 7. c4 Nc6 8. Nc3 O-O
9. Be2 a6 10. O-O Qa5 11. Qd2 b5 12. cxb5 axb5 13. Kh1 Ba6 14. Nd1 b4 15. Ne3
Rfd8 16. g4 d5 17. e5 Ne4 18. Qc2 Nc3 19. a4 Rac8 20. Rfc1 Nd4 21. Nxd4 cxd4
22. Ng2 Ne4 23. Qb1 Rxc1+ 24. Qxc1 Bxd3 25. Qe1 Bxe2 26. Qxe2 d3 27. Qf3 Rc8
28. Bd4 d2 29. Rd1 Rc1 30. Ne3 Bf8 31. f5 Bc5 32. Bxc5 Qxc5 33. fxe6 fxe6 34.
Kg2 Rc3 35. Rf1 Ng5 36. Qf6 Rxe3 37. Qd8+ Kg7 38. Qxg5 Re2+ 39. Kh1 Qf8 0-1

[Event "17th Medicine Hat Open"]
[Site "Medicine Hat"]
[Date "2011.09.17"]
[Round "2.4"]
[White "Dunn, Garth"]
[Black "Quiring, John"]
[Result "1-0"]
[WhiteElo "1738"]
[BlackElo "1833"]
[PlyCount "53"]
[EventDate "2011.09.17"]
[EventType "swiss"]
[EventRounds "5"]
[EventCountry "CAN"]

1. d4 Nf6 2. Nf3 g6 3. Bf4 Bg7 4. h3 d6 5. e3 c6 6. Bd3 O-O 7. O-O b5 8. c4 b4
9. a3 c5 10. axb4 cxb4 11. Nbd2 Bb7 12. Nb3 a5 13. c5 a4 14. Nbd2 dxc5 15. Rxa4
Nc6 16. Ne5 cxd4 17. Nxc6 Bxc6 18. Rxa8 Qxa8 19. e4 Nxe4 20. f3 Nxd2 21. Bxd2
Qa5 22. Qe1 Qa2 23. Qxe7 Qxb2 24. Qxb4 Qxb4 25. Bxb4 Rb8 26. Bc5 Bb5 27. Rb1
1-0

[Event "17th Medicine Hat Open"]
[Site "Medicine Hat"]
[Date "2011.09.17"]
[Round "2.5"]
[White "Holmes, Gregory"]
[Black "Fitzgerald, Jerry"]
[Result "1-0"]
[WhiteElo "1685"]
[BlackElo "1600"]
[PlyCount "81"]
[EventDate "2011.09.17"]
[EventType "swiss"]
[EventRounds "5"]
[EventCountry "CAN"]

1. e4 b6 2. d4 Bb7 3. Nc3 e6 4. a3 Nf6 5. Bg5 h6 6. Bxf6 Qxf6 7. Nf3 Qd8 8. Bd3
a6 9. O-O d6 10. Re1 Nd7 11. e5 Be7 12. Ne4 d5 13. Ng3 c5 14. c3 c4 15. Bc2 Bc8
16. Nh5 g5 17. h3 Nf8 18. b3 Ng6 19. bxc4 O-O 20. cxd5 Qxd5 21. Be4 Qa5 22.
Bxa8 Qxc3 23. Re3 Qa5 24. Nh2 Bd7 25. Be4 Qa4 26. Ng4 Kh7 27. Ngf6+ Bxf6 28.
Nxf6+ Kg7 29. Nxd7 Qxd7 30. Rc1 Ne7 31. Qf3 Nf5 32. Bxf5 exf5 33. Rd3 f4 34.
Qc6 Qf5 35. Rdd1 Rb8 36. Qc7 Re8 37. Qxb6 Re6 38. Rc6 f3 39. Rxe6 fxe6 40. Qb7+
Kg6 41. Qxf3 1-0

[Event "17th Medicine Hat Open"]
[Site "Medicine Hat"]
[Date "2011.09.17"]
[Round "2.6"]
[White "Viminitz, Paul"]
[Black "Clapham, John"]
[Result "1-0"]
[WhiteElo "1574"]
[BlackElo "629"]
[PlyCount "90"]
[EventDate "2011.09.17"]
[EventType "swiss"]
[EventRounds "5"]
[EventCountry "CAN"]

1. Nf3 g6 2. g3 Bg7 3. Bg2 Nf6 4. d4 h6 5. b3 O-O 6. Bb2 d6 7. Nbd2 Bf5 8. Nh4
c6 9. Nxf5 gxf5 10. c4 Na6 11. a3 e6 12. Qc2 Nc7 13. O-O-O d5 14. c5 Ne4 15.
Nxe4 fxe4 16. e3 f5 17. Qe2 Qe7 18. f3 b6 19. b4 e5 20. f4 exd4 21. Bxd4 Bxd4
22. exd4 Nb5 23. Qe3 a5 24. a4 Nc7 25. Qc3 axb4 26. Qxb4 b5 27. a5 Ra6 28. Kd2
Rfa8 29. Ra1 Ne6 30. Bh3 Qf6 31. Ke3 Qf7 32. Rhf1 Qh5 33. Bg2 Qxh2 34. Kf2 Qh5
35. Rh1 Qg6 36. Bf1 Nc7 37. Rh3 Re8 38. Re1 Kh7 39. Re3 h5 40. Be2 Kg7 41. Bxh5
Qh6 42. Re1 Rea8 43. Bg4 Qxh3 44. Bxh3 Kf6 45. Bg2 Rh8 1-0

[Event "17th Medicine Hat Open"]
[Site "Medicine Hat"]
[Date "2011.09.17"]
[Round "2.7"]
[White "Berndtsson, Kurt"]
[Black "Davis-Imhof, Peter"]
[Result "0-1"]
[WhiteElo "1279"]
[BlackElo "1568"]
[PlyCount "54"]
[EventDate "2011.09.17"]
[EventType "swiss"]
[EventRounds "5"]
[EventCountry "CAN"]

1. g3 e5 2. e4 Nf6 3. Bg2 Bc5 4. Nc3 d6 5. Nd5 Ng4 6. Ne3 Qf6 7. Qf3 Qxf3 8.
Nxf3 Nxe3 9. fxe3 Nc6 10. c3 Bd7 11. d4 Bb6 12. a4 f6 13. d5 Na5 14. O-O a6 15.
Ra3 Nc4 16. Ra2 Nxe3 17. Bxe3 Bxe3+ 18. Kh1 g5 19. b3 h5 20. a5 Ke7 21. Nd2 h4
22. Nc4 Ba7 23. Re1 hxg3 24. h3 Bxh3 25. Rae2 Bg4+ 26. Bh3 Bf3+ 27. Rg2 Rxh3#
0-1

[Event "17th Medicine Hat Open"]
[Site "Medicine Hat"]
[Date "2011.09.17"]
[Round "3.1"]
[White "Panteluk, Steven"]
[Black "Dunn, Garth"]
[Result "0-1"]
[WhiteElo "1721"]
[BlackElo "1738"]
[PlyCount "66"]
[EventDate "2011.09.17"]
[EventType "swiss"]
[EventRounds "5"]
[EventCountry "CAN"]

1. d4 Nf6 2. c4 c6 3. Nf3 g6 4. g3 Bg7 5. Nc3 O-O 6. Bg2 d6 7. O-O Nbd7 8. b3
a6 9. Bb2 Qc7 10. Rc1 Rb8 11. e4 Rd8 12. Re1 b5 13. cxb5 axb5 14. Nd5 Nxd5 15.
exd5 c5 16. Rxe7 Bf6 17. Re2 c4 18. bxc4 bxc4 19. Rec2 Ba6 20. Qd2 Qb7 21. Ng5
Bg7 22. Bc3 Bh6 23. f4 Qa7 24. Bb4 Nb6 25. Ne4 Nxd5 26. Bxd6 Rbc8 27. Bc5 Qd7
28. Rb1 Bg7 29. Bf1 c3 30. Nxc3 Nxc3 31. Rxc3 Rxc5 32. Rd3 Bxd3 33. Bxd3 Qxd4+
0-1

[Event "17th Medicine Hat Open"]
[Site "Medicine Hat"]
[Date "2011.09.17"]
[Round "3.2"]
[White "Rekhson, Vladislav"]
[Black "Holmes, Gregory"]
[Result "1-0"]
[WhiteElo "2105"]
[BlackElo "1685"]
[PlyCount "77"]
[EventDate "2011.09.17"]
[EventType "swiss"]
[EventRounds "5"]
[EventCountry "CAN"]

1. e4 c5 2. Nf3 Nc6 3. Bb5 d6 4. d4 cxd4 5. Qxd4 Bd7 6. Bxc6 Bxc6 7. Nc3 Nf6 8.
Bg5 e5 9. Qd3 Be7 10. O-O-O Nh5 11. Bxe7 Qxe7 12. Rd2 O-O 13. h3 Nf6 14. g4
Rfd8 15. Qe3 d5 16. exd5 Nxd5 17. Nxd5 Bxd5 18. Rhd1 Bxf3 19. Qxf3 Rxd2 20.
Rxd2 Re8 21. Qf5 g6 22. Qd7 Kf8 23. Qd5 a6 24. c3 Rc8 25. f3 h6 26. h4 Ke8 27.
h5 Rd8 28. Qxd8+ Qxd8 29. Rxd8+ Kxd8 30. g5 Ke8 31. gxh6 Kf8 32. hxg6 fxg6 33.
Kd2 Kf7 34. Ke3 g5 35. Ke4 Kg6 36. Kxe5 Kxh6 37. a4 a5 38. b4 b5 39. bxa5 1-0

[Event "17th Medicine Hat Open"]
[Site "Medicine Hat"]
[Date "2011.09.18"]
[Round "3.3"]
[White "Schibler, Jordan"]
[Black "Taylor, Bill"]
[Result "1/2-1/2"]
[WhiteElo "1774"]
[BlackElo "1892"]
[PlyCount "79"]
[EventDate "2011.09.17"]
[EventType "swiss"]
[EventRounds "5"]
[EventCountry "CAN"]

1. d4 g6 2. e4 Bg7 3. c4 d6 4. Nc3 Nd7 5. Be3 c5 6. Nf3 b6 7. Be2 Bb7 8. O-O a6
9. d5 Ngf6 10. h3 h5 11. Qd2 Qc7 12. Rab1 O-O 13. Bh6 Kh7 14. Bxg7 Kxg7 15. Bd3
Ne5 16. Nxe5 dxe5 17. f4 exf4 18. Qxf4 Qxf4 19. Rxf4 Bc8 20. b4 Nd7 21. Na4
cxb4 22. Rxb4 Nc5 23. Nxc5 bxc5 24. Rb6 Bd7 25. Rf2 Rfb8 26. Rfb2 Rxb6 27. Rxb6
Ra7 28. e5 e6 29. d6 f6 30. exf6+ Kxf6 31. Kf2 g5 32. Ke3 Ke5 33. Be4 h4 34.
Bb7 a5 35. Bf3 a4 36. a3 Kf5 37. Bc6 Ke5 38. Be4 Kf6 39. Bf3 Ke5 40. Be4
1/2-1/2

[Event "17th Medicine Hat Open"]
[Site "Medicine Hat"]
[Date "2011.09.17"]
[Round "3.4"]
[White "Quiring, John"]
[Black "Viminitz, Paul"]
[Result "1-0"]
[WhiteElo "1833"]
[BlackElo "1574"]
[PlyCount "53"]
[EventDate "2011.09.17"]
[EventType "swiss"]
[EventRounds "5"]
[EventCountry "CAN"]

1. b4 d6 2. Bb2 e5 3. e3 f5 4. d4 e4 5. Ne2 Nf6 6. c4 g6 7. Nf4 Bh6 8. Be2 O-O
9. Qb3 Bxf4 10. exf4 d5 11. Nc3 Nc6 12. Nxd5 Be6 13. Nxf6+ Qxf6 14. d5 Nd4 15.
Qc3 Nxe2 16. Qxf6 Rxf6 17. Bxf6 Nxf4 18. dxe6 Nxg2+ 19. Kd2 Nf4 20. e7 Nd3 21.
Ke3 Nxb4 22. Rhd1 Nd3 23. Rxd3 exd3 24. Rd1 Kf7 25. Rxd3 Re8 26. Rd8 h6 27. h4
1-0

[Event "17th Medicine Hat Open"]
[Site "Medicine Hat"]
[Date "2011.09.17"]
[Round "3.5"]
[White "Davis-Imhof, Peter"]
[Black "Bentley, Bill"]
[Result "0-1"]
[WhiteElo "1568"]
[BlackElo "1813"]
[PlyCount "48"]
[EventDate "2011.09.17"]
[EventType "swiss"]
[EventRounds "5"]
[EventCountry "CAN"]

1. e4 e6 2. d4 d5 3. Nc3 Be7 4. e5 c5 5. Nge2 Nc6 6. Be3 cxd4 7. Bxd4 Nxd4 8.
Qxd4 a6 9. g3 Nh6 10. Bh3 Bd7 11. O-O Rc8 12. b3 Qc7 13. a3 Bc5 14. Qd3 Qxe5
15. b4 Ba7 16. Rae1 O-O 17. Nxd5 Bb5 18. Ne7+ Kh8 19. Nf4 Qg5 20. c4 Rxc4 21.
Qd6 Re8 22. Rxe6 fxe6 23. Neg6+ hxg6 24. Nxe6 Qf6 0-1

[Event "17th Medicine Hat Open"]
[Site "Medicine Hat"]
[Date "2011.09.17"]
[Round "3.6"]
[White "Scholz, Mike"]
[Black "Longson, Stan"]
[Result "1/2-1/2"]
[WhiteElo "1363"]
[BlackElo "1441"]
[PlyCount "68"]
[EventDate "2011.09.17"]
[EventType "swiss"]
[EventRounds "5"]
[EventCountry "CAN"]

1. e4 e5 2. d4 d6 3. dxe5 dxe5 4. Qxd8+ Kxd8 5. Nf3 Bd6 6. Nc3 f6 7. Bc4 Ne7 8.
O-O a6 9. Be3 Bg4 10. Rad1 Nd7 11. Be2 b5 12. h3 Be6 13. a3 Nc8 14. Nh2 Ke7 15.
Bg4 Ncb6 16. Bxe6 Kxe6 17. Bxb6 Nxb6 18. Nb1 Nc4 19. b4 c5 20. c3 cxb4 21. axb4
a5 22. bxa5 Rxa5 23. Nf3 Rc8 24. Rd5 Nb2 25. Rd2 Nc4 26. Rc2 h6 27. Nh4 Ra4 28.
Nf5 Bf8 29. Re1 Rd8 30. Kf1 Ra1 31. Rcc1 g6 32. Ng3 Nd2+ 33. Nxd2 Rxc1 34. Rxc1
Rxd2 1/2-1/2

[Event "17th Medicine Hat Open"]
[Site "Medicine Hat"]
[Date "2011.09.18"]
[Round "4.1"]
[White "Dunn, Garth"]
[Black "Rekhson, Vladislav"]
[Result "0-1"]
[WhiteElo "1738"]
[BlackElo "2105"]
[PlyCount "60"]
[EventDate "2011.09.17"]
[EventType "swiss"]
[EventRounds "5"]
[EventCountry "CAN"]

1. e4 c5 2. Nf3 a6 3. a4 e6 4. Bc4 Nc6 5. c3 d5 6. exd5 exd5 7. Qe2+ Be7 8. Ba2
Nf6 9. O-O O-O 10. h3 Bf5 11. d3 Re8 12. Nh4 Be6 13. Nf3 Bd6 14. Qc2 Qd7 15.
Ng5 Bf5 16. f4 c4 17. Qf2 Bxd3 18. Rd1 Re2 19. Qg3 Bc5+ 20. Kh2 h6 21. Rxd3
cxd3 22. Qxd3 Re1 23. Nf3 Rxc1 24. Qd2 Rf1 25. Qd3 Rf2 26. Nbd2 Re8 27. b4 Bd6
28. Ne5 Nxe5 29. fxe5 Rxe5 30. Kg1 Ree2 0-1

[Event "17th Medicine Hat Open"]
[Site "Medicine Hat"]
[Date "2011.09.18"]
[Round "4.2"]
[White "Perron, Sean"]
[Black "Quiring, John"]
[Result "1-0"]
[WhiteElo "2078"]
[BlackElo "1833"]
[PlyCount "61"]
[EventDate "2011.09.17"]
[EventType "swiss"]
[EventRounds "5"]
[EventCountry "CAN"]

1. e4 e5 2. Nf3 Nc6 3. d4 exd4 4. Nxd4 Qf6 5. Nxc6 Qxc6 6. Bd3 Bc5 7. Nc3 Ne7
8. O-O O-O 9. Kh1 d5 10. exd5 Qf6 11. Ne4 Qb6 12. Nxc5 Qxc5 13. c4 Bf5 14. Bxf5
Nxf5 15. Qd3 Nd6 16. b3 Rfe8 17. Be3 Qa3 18. Bd4 Re7 19. c5 Ne4 20. Rac1 Rae8
21. f3 Nf6 22. Bxf6 gxf6 23. Rc2 Re5 24. h3 Rd8 25. Rd1 Qa5 26. Kh2 b6 27. Qc4
bxc5 28. Qxc5 Rdxd5 29. Rxd5 Rxd5 30. Qxc7 Qe1 31. Qg3+ 1-0

[Event "17th Medicine Hat Open"]
[Site "Medicine Hat"]
[Date "2011.09.18"]
[Round "4.3"]
[White "Bentley, Bill"]
[Black "Panteluk, Steven"]
[Result "1/2-1/2"]
[WhiteElo "1813"]
[BlackElo "1721"]
[PlyCount "54"]
[EventDate "2011.09.17"]
[EventType "swiss"]
[EventRounds "5"]
[EventCountry "CAN"]

1. d4 d5 2. Nf3 Nf6 3. e3 e6 4. Bd3 g6 5. O-O Bg7 6. c4 dxc4 7. Bxc4 O-O 8. b4
b6 9. Bb2 Ba6 10. b5 Bb7 11. Nc3 c6 12. Ne5 cxb5 13. Bxb5 a6 14. Bd3 b5 15. Rc1
Nd5 16. Ne4 Nb4 17. Bb1 Nxa2 18. Rc5 Nb4 19. Qb3 N8c6 20. Nxc6 Nxc6 21. Rfc1
Qd7 22. Qc3 Rfc8 23. Qd2 Ne7 24. Rxc8+ Rxc8 25. Nc5 Qc6 26. Be4 Nd5 27. Qa5 Bf8
1/2-1/2

[Event "17th Medicine Hat Open"]
[Site "Medicine Hat"]
[Date "2011.09.18"]
[Round "4.4"]
[White "Holmes, Gregory"]
[Black "Schibler, Jordan"]
[Result "0-1"]
[WhiteElo "1685"]
[BlackElo "1774"]
[PlyCount "68"]
[EventDate "2011.09.17"]
[EventType "swiss"]
[EventRounds "5"]
[EventCountry "CAN"]

1. e4 g6 2. d4 Bg7 3. Nf3 d6 4. h3 Nd7 5. Nc3 e5 6. Be3 Ne7 7. Bc4 O-O 8. Ng5
exd4 9. Bxd4 Bxd4 10. Qxd4 Nc6 11. Qd2 Nb6 12. Bb3 Na5 13. Nxf7 Nxb3 14. Nxd8
Nxd2 15. Kxd2 Rxd8 16. Nd5 Nxd5 17. exd5 Re8 18. Rae1 Bd7 19. Re3 Rxe3 20. Kxe3
Re8+ 21. Kd2 Re5 22. c4 Kf7 23. Re1 Rxe1 24. Kxe1 b5 25. b3 Kf6 26. Kd2 Ke5 27.
Kc3 a5 28. a3 c6 29. b4 axb4+ 30. Kxb4 bxc4 31. Kxc4 cxd5+ 32. Kd3 Bb5+ 33. Ke3
d4+ 34. Kd2 Bf1 0-1

[Event "17th Medicine Hat Open"]
[Site "Medicine Hat"]
[Date "2011.09.18"]
[Round "4.6"]
[White "Viminitz, Paul"]
[Black "Scholz, Mike"]
[Result "1-0"]
[WhiteElo "1574"]
[BlackElo "1363"]
[PlyCount "47"]
[EventDate "2011.09.17"]
[EventType "swiss"]
[EventRounds "5"]
[EventCountry "CAN"]

1. Nf3 Nc6 2. g3 Nf6 3. b3 e6 4. Bg2 d5 5. Bb2 Bd6 6. O-O O-O 7. d3 e5 8. Nbd2
d4 9. c3 dxc3 10. Bxc3 Nd5 11. Bb2 Bf5 12. e4 Bxe4 13. dxe4 Nf6 14. Qe2 Ne8 15.
Nc4 f6 16. Rfd1 Qe7 17. a3 Bc5 18. b4 Bb6 19. Nxb6 cxb6 20. Bh3 Rd8 21. Rxd8
Nxd8 22. Rd1 a6 23. Rd7 Qxd7 24. Bxd7 1-0

[Event "17th Medicine Hat Open"]
[Site "Medicine Hat"]
[Date "2011.09.18"]
[Round "4.8"]
[White "Longson, Stan"]
[Black "Berndtsson, Kurt"]
[Result "1-0"]
[WhiteElo "1441"]
[BlackElo "1279"]
[PlyCount "71"]
[EventDate "2011.09.17"]
[EventType "swiss"]
[EventRounds "5"]
[EventCountry "CAN"]

1. d4 Nf6 2. c4 e6 3. Nc3 Bb4 4. Bd2 Bxc3 5. Bxc3 O-O 6. Qc2 d6 7. Nf3 b6 8. e3
Bb7 9. Be2 Be4 10. Qd2 Nbd7 11. O-O a5 12. Ng5 d5 13. Bd3 c6 14. Qc2 g6 15.
Nxe4 dxe4 16. Bxe4 Qc7 17. h3 Rae8 18. Bf3 Re7 19. Rad1 Ne8 20. Rd2 f5 21. Rfd1
Nd6 22. d5 Nf6 23. Be5 c5 24. dxe6 Nfe4 25. Bxd6 Nxd6 26. Rxd6 Qb8 27. Qd3 Kg7
28. Rd7 Rfe8 29. Rxe7+ Rxe7 30. Bd5 Qf8 31. Qc3+ Kh6 32. Qe5 Ra7 33. f4 Kh5 34.
g3 g5 35. g4+ fxg4 36. Qxg5# 1-0

[Event "17th Medicine Hat Open"]
[Site "Medicine Hat"]
[Date "2011.09.18"]
[Round "4.9"]
[White "Fitzgerald, Jerry"]
[Black "Ficzere, Tony"]
[Result "0-1"]
[WhiteElo "1600"]
[BlackElo "1841"]
[PlyCount "70"]
[EventDate "2011.09.17"]
[EventType "swiss"]
[EventRounds "5"]
[EventCountry "CAN"]

1. c4 g6 2. Nc3 Bg7 3. e4 d6 4. Nf3 c5 5. d4 cxd4 6. Nxd4 Nc6 7. Nxc6 bxc6 8.
Be2 Nf6 9. O-O O-O 10. Bd2 Rb8 11. Rb1 Qc7 12. Qc2 c5 13. b3 a6 14. f4 Bb7 15.
Bf3 e6 16. Rbe1 Rbd8 17. e5 dxe5 18. Bxb7 Qxb7 19. fxe5 Rxd2 20. Qxd2 Nd7 21.
Qd6 Qc8 22. Rf3 Rd8 23. Rd3 Bf8 24. Ne4 Bxd6 25. Nxd6 Qc7 26. Nxf7 Kxf7 27.
Red1 Qxe5 28. Rxd7+ Rxd7 29. Rxd7+ Ke8 30. Rd1 Qe2 31. Rf1 Qxa2 32. Rf3 Qe2 33.
h3 e5 34. Kh2 e4 35. Rf6 e3 0-1

[Event "17th Medicine Hat Open"]
[Site "Medicine Hat"]
[Date "2011.09.18"]
[Round "5.1"]
[White "Rekhson, Vladislav"]
[Black "Perron, Sean"]
[Result "1/2-1/2"]
[WhiteElo "205"]
[BlackElo "2078"]
[PlyCount "51"]
[EventDate "2011.09.17"]
[EventType "swiss"]
[EventRounds "5"]
[EventCountry "CAN"]

1. e4 e6 2. d4 d5 3. exd5 exd5 4. Bd3 c5 5. c3 Nc6 6. Nf3 Bd6 7. O-O Bg4 8. h3
Bh5 9. Be3 cxd4 10. cxd4 Nge7 11. Nc3 a6 12. Rc1 f6 13. Be2 O-O 14. Na4 b6 15.
Qb3 Bc7 16. Qa3 Qd7 17. Rfe1 Bf7 18. Qc3 Rfc8 19. Qd2 Na5 20. b3 Ng6 21. Bd3
Nb7 22. Qe2 b5 23. Nc5 Nxc5 24. Rxc5 Bd6 25. Rxc8+ Rxc8 26. Qd2 1/2-1/2

[Event "17th Medicine Hat Open"]
[Site "Medicine Hat"]
[Date "2011.09.18"]
[Round "5.2"]
[White "Schibler, Jordan"]
[Black "Dunn, Garth"]
[Result "1-0"]
[WhiteElo "1774"]
[BlackElo "1738"]
[PlyCount "98"]
[EventDate "2011.09.17"]
[EventType "swiss"]
[EventRounds "5"]
[EventCountry "CAN"]

1. d4 d5 2. c4 dxc4 3. e4 g6 4. Bxc4 Bg7 5. Nf3 Nf6 6. Nc3 O-O 7. O-O Bg4 8.
Be3 Nc6 9. d5 Ne5 10. Be2 Bxf3 11. Bxf3 Nxf3+ 12. Qxf3 a6 13. Rfd1 Nd7 14. Qe2
b5 15. Bd4 f6 16. f3 Qc8 17. Rac1 Qb8 18. Nb1 Bh6 19. Rc2 Bf4 20. g3 Bd6 21. f4
Bb4 22. Nd2 Ba5 23. Nb3 Bb6 24. Bxb6 Nxb6 25. Nd4 Qa7 26. Kg2 Rad8 27. Nc6 Qb7
28. Nxd8 Rxd8 29. b3 Kg7 30. Rcd2 Nd7 31. Qf3 Rf8 32. Qc3 Qa7 33. Qd4 Qb7 34.
Rc1 h6 35. Rdc2 Rc8 36. Rc6 b4 37. Qc4 g5 38. Rxc7 Rxc7 39. Qxc7 Qb5 40. Qc4
Qb8 41. Qc7 Qb5 42. Rc2 gxf4 43. gxf4 Qd3 44. Qc4 Qd1 45. Qe2 Qd4 46. Rd2 Qb6
47. Qg4+ Kf7 48. Qxd7 Qe3 49. Qe6+ Kf8 1-0

[Event "17th Medicine Hat Open"]
[Site "Medicine Hat"]
[Date "2011.09.18"]
[Round "5.3"]
[White "Quiring, John"]
[Black "Bentley, Bill"]
[Result "1-0"]
[WhiteElo "1833"]
[BlackElo "1813"]
[PlyCount "48"]
[EventDate "2011.09.17"]
[EventType "swiss"]
[EventRounds "5"]
[EventCountry "CAN"]

1. b4 c6 2. Bb2 d5 3. d3 Bf5 4. Nf3 h6 5. Nbd2 Nf6 6. g3 Nbd7 7. Bg2 e6 8. a3
Qc7 9. c4 Rd8 10. Rc1 Qd6 11. O-O e5 12. cxd5 cxd5 13. Qa4 a6 14. Bxe5 b5 15.
Bxd6 bxa4 16. Bxf8 Rxf8 17. Nd4 Be6 18. Nxe6 fxe6 19. Rc6 Ke7 20. Bh3 Nb8 21.
Rxe6+ Kf7 22. Rc1 g5 23. Rc7+ Kg6 24. Nf3 h5 1-0

[Event "17th Medicine Hat Open"]
[Site "Medicine Hat"]
[Date "2011.09.18"]
[Round "5.4"]
[White "Panteluk, Steven"]
[Black "Holmes, Gregory"]
[Result "1-0"]
[WhiteElo "1721"]
[BlackElo "1685"]
[PlyCount "99"]
[EventDate "2011.09.17"]
[EventType "swiss"]
[EventRounds "5"]
[EventCountry "CAN"]

1. d4 d5 2. Nf3 Nc6 3. g3 Bg4 4. Bg2 e6 5. O-O Nf6 6. c4 Be7 7. cxd5 exd5 8. a3
h6 9. Re1 Qd7 10. Nc3 O-O 11. Ne5 Nxe5 12. dxe5 Nh7 13. Nxd5 Rad8 14. Nxe7+
Qxe7 15. Qb3 Qxe5 16. Qxb7 Ng5 17. Bf4 Qc5 18. Qxc7 Qd4 19. Be5 Qd2 20. Bc3 Qc2
21. f3 Nh3+ 22. Bxh3 Bxh3 23. Qxa7 Rfe8 24. Qf2 h5 25. e4 Qd3 26. Qe2 Qd7 27.
Rad1 Qa7+ 28. Qf2 Qa4 29. Rxd8 Rxd8 30. Qe2 Qa7+ 31. Qe3 Qa4 32. Qg5 Qa7+ 33.
Kh1 f6 34. Qxh5 Be6 35. Kg2 Qa4 36. Qa5 Qc2+ 37. Kg1 Rd3 38. Qh5 Bd7 39. f4 Bc6
40. Qe2 Qxe2 41. Rxe2 Rd1+ 42. Kf2 Rh1 43. Ke3 Rd1 44. b4 Rc1 45. Kd4 Bb5 46.
Rd2 Re1 47. Kc5 Be8 48. e5 fxe5 49. Rd8 exf4 50. Bxe1 1-0

[Event "17th Medicine Hat Open"]
[Site "Medicine Hat"]
[Date "2011.09.18"]
[Round "5.5"]
[White "Longson, Stan"]
[Black "Taylor, Bill"]
[Result "0-1"]
[WhiteElo "1441"]
[BlackElo "1892"]
[PlyCount "34"]
[EventDate "2011.09.17"]
[EventType "swiss"]
[EventRounds "5"]
[EventCountry "CAN"]

1. d4 f5 2. Nf3 Nf6 3. c4 e6 4. Nc3 Be7 5. Qc2 O-O 6. e3 d5 7. Bd3 g6 8. Bd2
Ne4 9. cxd5 exd5 10. Be2 c6 11. O-O Nd7 12. a3 a5 13. Ne1 Ndf6 14. f3 Nxd2 15.
Qxd2 Re8 16. Nd3 Bd6 17. b4 Qe7 0-1

[Event "17th Medicine Hat Open"]
[Site "Medicine Hat"]
[Date "2011.09.18"]
[Round "5.7"]
[White "Davis-Imhof, Peter"]
[Black "Scholz, Mike"]
[Result "1-0"]
[WhiteElo "1568"]
[BlackElo "1363"]
[PlyCount "129"]
[EventDate "2011.09.17"]
[EventType "swiss"]
[EventRounds "5"]
[EventCountry "CAN"]

1. e4 Nc6 2. d4 d5 3. e5 Bf5 4. Bd3 Nxd4 5. Nc3 Bxd3 6. Qxd3 c5 7. Be3 Nxc2+ 8.
Qxc2 d4 9. Rd1 Qa5 10. Qd3 O-O-O 11. Bxd4 e6 12. Qc4 b5 13. Qxb5 Qxb5 14. Nxb5
cxd4 15. Nxa7+ Kb7 16. Nb5 Bb4+ 17. Ke2 d3+ 18. Rxd3 Rxd3 19. Kxd3 Nh6 20. Nf3
Rd8+ 21. Kc4 Be7 22. h3 Nf5 23. g4 Rc8+ 24. Kb3 Ka6 25. gxf5 Kxb5 26. Nd4+ Ka6
27. fxe6 Rb8+ 28. Kc2 fxe6 29. Nxe6 Rc8+ 30. Kb1 g6 31. Rd1 Rc6 32. Nd4 Rb6 33.
a3 Bxa3 34. Rd2 Be7 35. Re2 Kb7 36. e6 Kc7 37. f3 Kd6 38. b3 Bf6 39. Rd2 Bxd4
40. Rxd4+ Kxe6 41. Kb2 Ke5 42. Rc4 Rf6 43. Ka3 Rxf3 44. Ka4 Rxh3 45. b4 Kd6 46.
b5 Rh1 47. b6 Ra1+ 48. Kb5 Rb1+ 49. Ka6 Kd5 50. Rc7 Ra1+ 51. Kb7 h5 52. Kb8 g5
53. b7 g4 54. Kc8 Rf1 55. Rd7+ Ke6 56. b8=Q Rf8+ 57. Rd8 Rxd8+ 58. Kxd8 Kf5 59.
Qb5+ Kg6 60. Qe5 h4 61. Ke7 g3 62. Qf6+ Kh5 63. Qg7 g2 64. Qxg2 Kh6 65. Kf6 1-0